| 000 | 00537pab a2200169 454500 | ||
|---|---|---|---|
| 008 | 180718b2013 xxu||||| |||| 00| 0 eng d | ||
| 100 | _aPodger, Andrew et al. | ||
| 245 | _aRecalibrating a dynamic balance: Local autonomy within national policy framework able to adjust to changing circumstance | ||
| 260 | _c2013 | ||
| 300 | _ap.189-200. | ||
| 362 | _aSep | ||
| 650 | _aIntergovernmental relations | ||
| 650 | _aFederal state relations | ||
| 773 | _aAustralian Journal of Public Administration | ||
| 908 | _aN | ||
| 909 | _a103306 | ||
| 999 |
_c103302 _d103302 |
||